00931nam a22002417a 450000500170000001000130001702000260003003500130005603700160006904000120008508200160009710000420011324501150015526000540027027000580032430000240038250000520040665000230045865000220048194200250050399900190052895201420054720170124110205.0 aB-120644 c550.00a9788121511315 aB-120644 bCen Lib/Ret aDPLbEN a181.45bCHA aChakravarti, Sudhindra Chandra937074 aPhilosophical foundation of Bengal Vaiṣṇavism :cby Sudhindra Chandra Chakravartiba critical exposition / aNew Delhib Munshiram Manoharlal Publishersc2004 bNew Delhie110055aPost Box 5715, 54 Rani Jhansi Road axi,437p. c22cm(Hb) aIncludes bibliographical references and index  aVaishnavism937075 aPhilosophy937076 2ddccENh181.45mCHA c133177d133177 00104070aLbLd2015-07-24eCen Lib/Retg550.00l1m2o181.45 CHApB-120644r2025-06-26 00:00:00s2025-05-14t1v550.00w2015-07-24yEN